Administrative Law (Record no. 1185119)

MARC details
000 -LEADER
fixed length control field 00830nam a2200289Ia 4500
003 - CONTROL NUMBER IDENTIFIER
control field OSt
005 - DATE AND TIME OF LATEST TRANSACTION
control field 20221007104334.0
008 - FIXED-LENGTH DATA ELEMENTS--GENERAL INFORMATION
fixed length control field 221006b |||||||| |||| 00| 0 eng d
020 ## - INTERNATIONAL STANDARD BOOK NUMBER
International Standard Book Number 0195690656
037 ## - SOURCE OF ACQUISITION
Terms of availability Textual
040 ## - CATALOGING SOURCE
Original cataloging agency LCO
Transcribing agency LCO
Language of cataloging eng
041 ## - LANGUAGE CODE
Source of code eng
Language code of text/sound track or separate title eng
100 ## - MAIN ENTRY--PERSONAL NAME
Personal name Elliott Mark Au.
9 (RLIN) 696708
245 #0 - TITLE STATEMENT
Title Administrative Law
Remainder of title Text and Materials
250 ## - EDITION STATEMENT
Edition statement 3rd
260 ## - PUBLICATION, DISTRIBUTION, ETC.
Place of publication, distribution, etc. New
Name of publisher, distributor, etc. Delhi Oxford University Press India
Date of publication, distribution, etc. 2005
300 ## - PHYSICAL DESCRIPTION
Extent 761
650 ## - SUBJECT ADDED ENTRY--TOPICAL TERM
Topical term or geographic name entry element ADMINISTRATIVE LAW
9 (RLIN) 681514
700 ## - ADDED ENTRY--PERSONAL NAME
Personal name Beatson Jack Ed.
700 ## - ADDED ENTRY--PERSONAL NAME
Personal name Matthews Martin Ed.
9 (RLIN) 705978
942 ## - ADDED ENTRY ELEMENTS (KOHA)
Classification part Z2,9298, P5
Koha item type Textual
Holdings
Withdrawn status Lost status Damaged status Not for loan Home library Current library Date acquired Total Checkouts Full call number Barcode Date last seen Price effective from Koha item type
        Law Centre-I Library Law Centre-I Library 2022-10-07   Z2,9298 P5 LO1365832 2022-10-07 2022-10-07 Textual
Copyright @ Delhi University Library System